The emergence of modern Turkey

Bewaard in:
Bibliografische gegevens
Hoofdauteur: Lewis, Bernard
Formaat: Boek
Taal:Undetermined
Gepubliceerd in: London Oxford university press 1962
Onderwerpen:
Tags: Voeg label toe
Geen labels, Wees de eerste die dit record labelt!
Thư viện lưu trữ: Trung tâm Học liệu Trường Đại học Cần Thơ
LEADER 00523nam a2200205Ia 4500
001 CTU_83930
008 210402s9999 xx 000 0 und d
082 |a 956.1 
082 |b L673 
100 |a Lewis, Bernard 
245 4 |a The emergence of modern Turkey 
245 0 |c Bernard Lewis 
260 |a London 
260 |b Oxford university press 
260 |c 1962 
650 |a Turkey 
650 |x History 
904 |i QHieu(sửa) 
910 |i Vương 
980 |a Trung tâm Học liệu Trường Đại học Cần Thơ